[Event "Alicante Dama Negra 5th"]
[Site "Alicante"]
[Date "2024.12.30"]
[Round "9"]
[White "Lopez Garcia, Miguel Angel"]
[Black "D, Souza Kevin"]
[Result "1/2-1/2"]
[WhiteElo "2127"]
[BlackElo "1714"]
[PlyCount "81"]
[EventDate "2024.12.26"]
[EventType "swiss"]
[EventRounds "9"]
[EventCountry "ESP"]
[SourceTitle "CB01_2025"]
[SourceDate "2025.01.01"]
[SourceVersion "1"]
[SourceVersionDate "2025.01.01"]
[SourceQuality "1"]

1. e4 e5 2. Nf3 Nf6 3. Nxe5 d6 4. Nf3 Nxe4 5. c4 Nf6 6. d4 d5 7. Nc3 Bb4 8. cxd5 Nxd5 9. Bd2 0-0 10. Be2 Be6 11. 0-0 Be7 12. h3 Nd7 13. Bd3 h6 14. Re1 N7f6 15. a3 c6 16. Ne5 Qc7 17. Ng6 Rfe8 18. Nxe7+ Rxe7 19. Nxd5 Bxd5 20. Rxe7 Qxe7 21. Qa4 b6 22. Re1 Qd7 23. Qc2 Re8 24. Re5 Be6 25. Bc3 Rd8 26. Qe2 Qd6 27. Bc2 Nd5 28. Qe4 Nxc3 29. Qh7+ Kf8 30. bxc3 Qxa3 31. Re3 Rd5 32. Be4 Ra5 33. Qh8+ Ke7 34. Bxc6 Qd6 35. Qe8+ Kf6 36. Rf3+ Rf5 37. Rg3 Rg5 38. Rf3+ Rf5 39. Re3 Ra5 40. Rf3+ Rf5 41. Rxf5+ 1/2-1/2

[Event "Alicante Dama Negra 5th"]
[Site "Alicante"]
[Date "2024.12.28"]
[Round "4"]
[White "D, Souza Kevin"]
[Black "Vilarino Lorenzo, Uxio"]
[Result "1-0"]
[WhiteElo "1714"]
[BlackElo "2033"]
[PlyCount "73"]
[EventDate "2024.12.26"]
[EventType "swiss"]
[EventRounds "9"]
[EventCountry "ESP"]
[SourceTitle "CB01_2025"]
[SourceDate "2025.01.01"]
[SourceVersion "1"]
[SourceVersionDate "2025.01.01"]
[SourceQuality "1"]

1. e4 d6 2. Nf3 Nf6 3. Nc3 e5 4. d4 exd4 5. Nxd4 Be7 6. Bd3 0-0 7. 0-0 Re8 8. h3 Nbd7 9. Nf5 Bf8 10. Bg5 c6 11. Ne3 h6 12. Bh4 Nc5 13. Qf3 Nxd3 14. cxd3 Be7 15. Nf5 Bxf5 16. Qxf5 g6 17. Qf3 Nd7 18. Bxe7 Qxe7 19. d4 Qg5 20. Rad1 Nb6 21. b3 Rad8 22. Rfe1 Kg7 23. Re3 Re6 24. d5 Rf6 25. Qe2 Re8 26. dxc6 bxc6 27. e5 Rxe5 28. Ne4 Rxe4 29. Rxe4 Nd5 30. Rg4 Qf5 31. Rg3 Nf4 32. Qb2 d5 33. Rf3 Qg5 34. g3 Qh5 35. Rdd3 Nxh3+ 36. Kg2 d4 37. Qxd4 1-0